000 01684nam a2200373 a 4500
001 ebr10526683
003 CaPaEBR
006 m u
007 cr cn|||||||||
008 111110s2011 enka sb 001 0 eng d
010 _z 2011046750
020 _z9780470747193
020 _z9781119945635 (e-book)
040 _aCaPaEBR
_cCaPaEBR
035 _a(OCoLC)778436305
050 1 4 _aHG4530
_b.D37 2011eb
082 0 4 _a332.64/5240285554
_223
100 1 _aDarbyshire, Paul.
245 1 0 _aHedge fund modelling and analysis using Excel and VBA
_h[electronic resource] /
_cPaul Darbyshire and David Hampton.
260 _aChichester [England] ;
_aHoboken, N.J. :
_bWiley,
_c2011.
300 _axv, 261 p. :
_bill.
490 1 _aWiley finance
504 _aIncludes bibliographical references and index.
520 _a"This book will serve as a complete course in Hedge Fund Modeling and Analysis and will arm Hedge Funds with the full range of tools they need to manage their risks and capitalize on the return profiles of their investment styles"--
_cProvided by publisher.
533 _aElectronic reproduction.
_bPalo Alto, Calif. :
_cebrary,
_d2012.
_nAvailable via World Wide Web.
_nAccess may be limited to ebrary affiliated libraries.
630 0 0 _aMicrosoft Excel (Computer file)
630 0 0 _aMicrosoft Visual Basic for applications.
650 0 _aHedge funds
_xMathematical models.
655 7 _aElectronic books.
_2local
700 1 _aHampton, David.
710 2 _aebrary, Inc.
830 0 _aWiley finance series.
856 4 0 _uhttp://site.ebrary.com/lib/rucke/Doc?id=10526683
_zAn electronic book accessible through the World Wide Web; click to view
999 _c240429
_d240429